MARC

Tag First Indicator Second Indicator Subfields
LEADER 00000cam a2200000Ii 4500
001 in00002582011
005 20170928131822.0
008 100503s1914 txu s000 0 eng d
035 |a (OCoLC)ocn610576867 
035 |a (OCoLC)610576867 
040 |a TXA  |b eng  |e rda  |c TXA  |d TXA  |d OCLCF  |d OCLCO  |d OCLCQ  |d TXA  |d UtOrBLW 
043 |a n-us-tx 
049 |a TXAM 
050 4 |a SB343  |b .P42 1914 
086 |a Z TA245.7 B874 no. E. S. 3  |2 txdocs 
090 |a S544.3.T4  |b T22 no. E. S. 3 
100 1 |a Morgan, James Oscar,  |e author.  |0 http://id.loc.gov/authorities/names/nr95028666 
245 1 0 |a Peas and peanuts /  |c by J. Oscar Morgan [and others]. 
264 1 |a [College Station, Texas] :  |b [Agricultural and Mechanical College of Texas] 
264 3 |a Austin, Texas :  |b Von Boeckmann-Jones,  |c 1914. 
300 |a 29 pages :  |b illustrations ;  |c 22 cm. 
336 |a text  |b txt  |2 rdacontent 
337 |a unmediated  |b n  |2 rdamedia 
338 |a volume  |b nc  |2 rdacarrier 
490 1 |a Bulletin of the Agricultural and Mechanical College of Texas ;  |v n.s., v. 2, no. 3 
490 1 |a [Bulletin] / Extension Service ;  |v E. S. 3 
500 |a "January, 1915." 
500 |a "A21-1214-15m" 
500 |a Title from cover. 
650 0 |a Cowpea  |z Texas. 
650 0 |a Peas  |z Texas. 
650 0 |a Peanuts  |z Texas. 
650 0 |a Cash crops  |z Texas. 
650 7 |a Cash crops.  |2 fast  |0 (OCoLC)fst00848178 
650 7 |a Peanuts.  |2 fast  |0 (OCoLC)fst01055999 
650 7 |a Peas.  |2 fast  |0 (OCoLC)fst01056122 
651 7 |a Texas.  |2 fast  |0 (OCoLC)fst01210336 
650 3 |a cowpeas. 
650 3 |a peanuts. 
650 3 |a control methods. 
650 3 |a weevils. 
650 0 3 |a feeds. 
700 1 |a Burns, John C.,  |d 1885-1967,  |e author.  |0 http://id.loc.gov/authorities/names/no2016029879 
700 1 |a Newell, Wilmon,  |d 1878-1943,  |e author.  |0 http://id.loc.gov/authorities/names/no00001466 
700 1 |a Leidigh, A. H.  |q (Arthur Henry),  |d 1880-  |e author.  |0 http://id.loc.gov/authorities/names/no00011656 
700 1 |a Eliot, H. M.,  |e author.  |0 http://id.loc.gov/authorities/names/no2016031095 
710 2 |a Agricultural and Mechanical College of Texas.  |b Extension Service,  |e issuing body.  |0 http://id.loc.gov/authorities/names/no2009065583 
830 0 |a Bulletin of the Agricultural and Mechanical College of Texas ;  |v new ser., v. 2, no. 3. 
830 0 |a Bulletin (Agricultural and Mechanical College of Texas. Extension Service) ;  |v E. S. 3.  |0 http://id.loc.gov/authorities/names/no2009065673 
856 4 1 |z Available online via OAK Trust Repository  |u http://oaktrust.library.tamu.edu/handle/1969.1/154922  |t 0 
994 |a C0  |b TXA 
999 f f |s 4a81c778-7d10-3eaf-821f-93e7761fee08  |i ff504a56-4302-392f-bf76-df1a93790eea  |t 0 
952 f f |p noncirc  |a Texas A&M University  |b College Station  |c Cushing Memorial Library & Archives  |d Cushing: Texas A&M (Does not check out)  |t 0  |e SB343 .P42 1914  |h Library of Congress classification  |i unmediated -- volume 
952 f f |a Texas A&M University  |b College Station  |c Sterling C. Evans Library  |d Evans: Library Stacks  |t 0  |e S544.3.T4 T22 no. E. S. 3  |h Library of Congress classification 
998 f f |a S544.3.T4 T22 no. E. S. 3  |t 0  |l Evans: Library Stacks 
998 f f |a SB343 .P42 1914  |t 0  |l Cushing: Texas A&M (Does not check out)